000 00433nam a2200121Ia 4500
008 191111s9999 xx 000 0 und d
020 _a9781442244153
245 _cEdited by: Eric J. Green, Jennifer N. Baggerly, Amie C. Myrick.--
_aCounseling families :
_bplay-based treatment /
260 _aLondon :
_bRowman & Littlefield
_c2015
300 _axix, 207 pages.
650 _aFamily psychotheraphy
650 _aPlay theraphy -- methods
999 _c362607
_d362607